[Event "Tradewise Hastings Masters 15-16"]
[Site "Hastings, England"]
[Date "2016.01.01"]
[Round "5.28"]
[White "Rayner, Francis"]
[Black "Larsen, Andreas"]
[Result "1-0"]
[WhiteElo "2106"]
[BlackElo "1998"]
[PlyCount "113"]
[EventDate "2016.??.??"]

1. e4 c6 2. d4 d5 3. Nc3 dxe4 4. Nxe4 Nf6 5. Nxf6+ exf6 6. c3 Bd6 7. Bd3 Qc7 8.
Ne2 Bg4 9. Qc2 Nd7 10. Be3 Nb6 11. c4 c5 12. d5 Bxe2 13. Qxe2 O-O-O 14. Qg4+
Kb8 15. Qxg7 Be5 16. Qg4 Bxb2 17. Rb1 Bc3+ 18. Kf1 h5 19. Qf5 Rde8 20. h4 Ka8
21. Rh3 Rhg8 22. Qxh5 Qd7 23. Bxc5 Re5 24. Qf3 Rge8 25. Be3 Qa4 26. Kg1 Qxa2
27. d6 Bb2 28. Qe2 Nxc4 29. Qc2 Nxe3 30. fxe3 Qd5 31. Rxb2 Qxd6 32. Qb3 b6 33.
Bb5 Rc8 34. h5 Rcc5 35. Be2 Rc1+ 36. Kf2 Rf5+ 37. Bf3+ Kb8 38. Qxf7 Rxf3+ 39.
Rxf3 Qd1 40. Qg8+ Kb7 41. Qf7+ Kb8 42. Qe8+ Kb7 43. Qe4+ Kb8 44. Kg3 Rc5 45.
Rf5 Qe1+ 46. Rbf2 Rc3 47. R5f3 Rc5 48. Rxf6 Rg5+ 49. Kh4 Rc5 50. Rf8+ Kc7 51.
Qe7+ Kc6 52. Rc8+ Kb5 53. Rxc5+ bxc5 54. Qb7+ Kc4 55. Qa6+ Kb4 56. Qe2 Qh1+ 57.
Kg3 1-0

[Event "Tradewise Hastings Masters 15-16"]
[Site "Hastings, England"]
[Date "2016.01.01"]
[Round "5.29"]
[White "Lochte, Thomas"]
[Black "Rice, Chris B"]
[Result "0-1"]
[WhiteElo "2082"]
[BlackElo "1956"]
[PlyCount "76"]
[EventDate "2016.??.??"]

1. e4 e6 2. d4 d5 3. Nc3 Nf6 4. Bg5 Be7 5. e5 Nfd7 6. h4 Nc6 7. Qg4 f6 8. Bd3
Ndxe5 9. dxe5 Nxe5 10. Qh5+ g6 11. Bxg6+ Nxg6 12. Bh6 Kf7 13. O-O-O c6 14. f4
Qc7 15. g4 Bf8 16. Nh3 Bxh6 17. Qxh6 Bd7 18. h5 Ne7 19. g5 Raf8 20. gxf6 Nf5
21. Ng5+ Ke8 22. f7+ Rxf7 23. Nxe6 Nxh6 24. Nxc7+ Kd8 25. N7xd5 cxd5 26. Nxd5
Kc8 27. Rhg1 Bc6 28. c4 Re8 29. Rg5 Re4 30. b3 Bxd5 31. Rgxd5 Rexf4 32. Rd8+
Kc7 33. Kb2 Rf2+ 34. Ka3 R2f5 35. b4 Rxh5 36. Ra8 a6 37. Rdd8 Rf3+ 38. Ka4 b5+
0-1

[Event "Tradewise Hastings Masters 15-16"]
[Site "Hastings, England"]
[Date "2016.01.01"]
[Round "5.31"]
[White "ter Steeg, Marcus"]
[Black "Golding, Alex"]
[Result "1-0"]
[WhiteElo "2036"]
[BlackElo "1955"]
[PlyCount "177"]
[EventDate "2016.??.??"]

1. d4 Nf6 2. c4 g6 3. Nc3 Bg7 4. e4 d6 5. Nf3 O-O 6. Be2 e5 7. O-O exd4 8. Nxd4
Re8 9. f3 c6 10. Kh1 Nbd7 11. Rb1 a5 12. a3 Nh5 13. g4 Nhf6 14. g5 Nh5 15. Be3
Qe7 16. Qd2 f5 17. f4 Nc5 18. Bf3 a4 19. Rbe1 Bxd4 20. Qxd4 Ng7 21. e5 Nb3 22.
Qxd6 Qxd6 23. exd6 Rd8 24. Rd1 Be6 25. Be2 Ne8 26. c5 Ra5 27. Bf3 Nxc5 28. Bxc5
Rxc5 29. Nxa4 Rc4 30. b4 Rxf4 31. Nc5 Bc4 32. d7 Nc7 33. Rf2 Rxf3 34. Rxf3 Bd5
35. Rxd5 Nxd5 36. Nxb7 Rxd7 37. Na5 Ne7 38. Rc3 Rd1+ 39. Kg2 Rd2+ 40. Kf1 Kf7
41. Nxc6 Nd5 42. Rb3 f4 43. b5 Nb6 44. Rb4 Ke6 45. Rxf4 Ra2 46. Rf6+ Kd7 47.
Rf7+ Kd6 48. Rxh7 Kc5 49. Ne5 Rxa3 50. Nxg6 Kxb5 51. Ne7 Nd7 52. g6 Nf6 53. Rf7
Ne8 54. g7 Nxg7 55. Rxg7 Kc5 56. Kg2 Kd6 57. Nf5+ Ke6 58. Nd4+ Kf6 59. Rg3 Ra2+
60. Kh3 Ke5 61. Nf3+ Kf4 62. Ne1 Re2 63. Ng2+ Kf5 64. Rf3+ Kg5 65. Kg3 Ra2 66.
h4+ Kh5 67. Nf4+ Kh6 68. Rd3 Ra1 69. Rd6+ Kh7 70. Kg4 Rg1+ 71. Kh5 Rf1 72. Rd7+
Kg8 73. Ne6 Rf6 74. Re7 Rf1 75. Ng5 Rf6 76. Re6 Rf8 77. Kg6 Kh8 78. h5 Rg8+ 79.
Kh6 Rf8 80. Ne4 Rg8 81. Nd6 Rf8 82. Re8 Rxe8 83. Nxe8 Kg8 84. Nd6 Kh8 85. Kg6
Kg8 86. Nf7 Kf8 87. h6 Kg8 88. h7+ Kf8 89. h8=Q+ 1-0

[Event "Tradewise Hastings Masters 15-16"]
[Site "Hastings, England"]
[Date "2016.01.01"]
[Round "5.32"]
[White "Ramstad, Havard"]
[Black "Spanton, Tim R"]
[Result "0-1"]
[WhiteElo "2026"]
[BlackElo "1936"]
[PlyCount "74"]
[EventDate "2016.??.??"]

1. d4 d5 2. Bf4 Bg4 3. h3 Bh5 4. Nf3 e6 5. c3 Bd6 6. Ne5 f6 7. Nd3 Nd7 8. Qb3
Ne7 9. Nd2 e5 10. dxe5 fxe5 11. Bh2 Bf7 12. Qa4 O-O 13. e4 Nc5 14. Nxc5 Bxc5
15. O-O-O Bxf2 16. Bxe5 Nc6 17. Bh2 Qe7 18. Kb1 Rad8 19. exd5 Bxd5 20. Bc4 Kh8
21. Bxd5 Rxd5 22. Qb3 Rfd8 23. Nf3 Qe4+ 24. Ka1 Na5 25. Qxd5 Rxd5 26. Rxd5 Qxd5
27. b3 Qd3 28. Be5 Nc6 29. Rc1 Nxe5 30. Nxe5 Qd2 31. Kb1 Qe2 32. Nf3 h6 33. Rc2
Qe3 34. Kb2 Bg3 35. Nd4 Bd6 36. Re2 Qd3 37. h4 Bb4 0-1

[Event "Tradewise Hastings Masters 15-16"]
[Site "Hastings, England"]
[Date "2016.01.01"]
[Round "5.33"]
[White "Gallagher, Daniel GH"]
[Black "Ruane, Brendan J"]
[Result "1-0"]
[WhiteElo "2010"]
[BlackElo "1794"]
[PlyCount "47"]
[EventDate "2016.??.??"]

1. d4 Nf6 2. c4 e6 3. Nf3 c5 4. d5 exd5 5. cxd5 d6 6. Nc3 g6 7. Bf4 a6 8. Nd2
Nh5 9. Be3 Bg7 10. Nce4 f5 11. g4 f4 12. Bxc5 dxc5 13. gxh5 Qxd5 14. Bg2 Qd4
15. Qb3 Nc6 16. Nc4 Ne5 17. Ned6+ Ke7 18. Rd1 f3 19. Rxd4 fxg2 20. Rg1 cxd4 21.
Rxg2 Bd7 22. Qb4 Nc6 23. Qc5 b5 24. Nxb5+ 1-0

[Event "Tradewise Hastings Masters 15-16"]
[Site "Hastings, England"]
[Date "2016.01.01"]
[Round "5.34"]
[White "Hand, Freddie"]
[Black "Wilson, Matthew R"]
[Result "1-0"]
[WhiteElo "1878"]
[BlackElo "1877"]
[PlyCount "99"]
[EventDate "2016.??.??"]

1. d4 Nf6 2. c4 e6 3. Nc3 Bb4 4. e3 d5 5. a3 Bxc3+ 6. bxc3 O-O 7. cxd5 exd5 8.
Bd3 c5 9. Ne2 b6 10. O-O Nc6 11. Ng3 Bg4 12. Qd2 Re8 13. f3 Be6 14. Bb2 Na5 15.
Rad1 Rc8 16. Qf2 cxd4 17. cxd4 Nc4 18. Ba1 Qe7 19. h3 Qxa3 20. e4 b5 21. e5 Nd7
22. f4 f5 23. Nxf5 Qf8 24. Nh4 g6 25. Qg3 Qg7 26. Rf3 Re7 27. Qf2 Kh8 28. Rg3
Qf7 29. Rg5 Rg8 30. Qg3 Nf8 31. Rf1 Nd2 32. Rf2 Ne4 33. Bxe4 dxe4 34. d5 Rd7
35. dxe6 Nxe6 36. Kh2 Rd1 37. Bb2 Rd3 38. Qg4 e3 39. Re2 a5 40. Nf3 a4 41. Ne1
Rb3 42. Qf3 a3 43. Ba1 Rb1 44. Nc2 Rc8 45. Qxe3 Rxc2 46. Rxc2 Rxa1 47. Rc8+ Kg7
48. f5 Nxg5 49. f6+ Kh6 50. h4 1-0

[Event "Tradewise Hastings Masters 15-16"]
[Site "Hastings, England"]
[Date "2016.01.01"]
[Round "5.35"]
[White "Kearsley, Raymond J"]
[Black "Waddington, Mike P"]
[Result "0-1"]
[WhiteElo "1723"]
[BlackElo "2066"]
[PlyCount "40"]
[EventDate "2016.??.??"]

1. e4 e5 2. Nf3 Nc6 3. c3 d5 4. Qa4 f6 5. exd5 Qxd5 6. c4 Qe4+ 7. Be2 Bd7 8.
Nc3 Qg6 9. O-O Nd4 10. Qd1 Bc6 11. d3 O-O-O 12. Be3 Nxe2+ 13. Qxe2 Qxd3 14. Qe1
Qxc4 15. Nd2 Qd3 16. Nb3 Bb4 17. Rc1 Bb5 18. a3 Bxc3 19. Rxc3 Qxf1+ 20. Qxf1
Bxf1 0-1

[Event "Tradewise Hastings Masters 15-16"]
[Site "Hastings, England"]
[Date "2016.01.01"]
[Round "5.36"]
[White "Brewer, Callum D"]
[Black "Evans, Helen I"]
[Result "1-0"]
[WhiteElo "1945"]
[BlackElo "1577"]
[PlyCount "115"]
[EventDate "2016.??.??"]

1. e4 d6 2. d4 Nf6 3. Nc3 e5 4. Nf3 Nbd7 5. Bc4 Be7 6. a4 O-O 7. a5 exd4 8.
Qxd4 c6 9. O-O Qc7 10. Rd1 Ne5 11. Be2 Bg4 12. Qe3 Rfd8 13. Nxe5 dxe5 14. Rxd8+
Qxd8 15. Bxg4 Nxg4 16. Qg3 Qd7 17. h3 Nf6 18. Qxe5 Bd6 19. Qg5 Bb4 20. Bd2 Rd8
21. Be1 h6 22. Qe3 Qe7 23. Kh1 Bc5 24. Qe2 Bb4 25. f3 Qe5 26. a6 b6 27. Rd1 Bd6
28. g4 Nh7 29. Qg2 Qa5 30. Bg3 Be7 31. Rxd8+ Bxd8 32. Qf1 Ng5 33. Kg2 Ne6 34.
Qd3 Qc5 35. Qd7 b5 36. Qe8+ Qf8 37. Qxf8+ Kxf8 38. Bf2 Nc7 39. Bxa7 Nxa6 40.
Ne2 Be7 41. Nd4 Bf6 42. Nxc6 Bxb2 43. Kf2 Nc7 44. Ke3 Ne6 45. Nd4 Bc1+ 46. Kf2
Nxd4 47. Bxd4 g6 48. Be3 Bb2 49. Bxh6+ Ke7 50. Ke2 Kd6 51. Kd3 Ba1 52. h4 Bf6
53. h5 gxh5 54. gxh5 Ke6 55. Bf8 Bh8 56. h6 f5 57. exf5+ Kxf5 58. Bg7 1-0

[Event "Tradewise Hastings Masters 15-16"]
[Site "Hastings, England"]
[Date "2016.01.01"]
[Round "5.37"]
[White "Young, Mel J"]
[Black "Stonehouse, Tom H"]
[Result "1/2-1/2"]
[WhiteElo "1901"]
[BlackElo "1778"]
[PlyCount "42"]
[EventDate "2016.??.??"]

1. e4 c5 2. d4 cxd4 3. c3 d5 4. exd5 Qxd5 5. cxd4 Nc6 6. Nf3 e6 7. Nc3 Qd8 8.
Bd3 Nf6 9. O-O Be7 10. Bg5 O-O 11. Rc1 Nb4 12. Bb1 Nbd5 13. Qd3 g6 14. a3 b6
15. Rfe1 Bb7 16. Ba2 Nxc3 17. Rxc3 Bd5 18. Bxd5 Nxd5 19. Bxe7 Qxe7 20. Rc2 Qb7
21. Qe4 Rac8 1/2-1/2

[Event "Tradewise Hastings Masters 15-16"]
[Site "Hastings, England"]
[Date "2016.01.01"]
[Round "5.38"]
[White "Macrae, James S"]
[Black "Norton, Craig"]
[Result "0-1"]
[WhiteElo "1693"]
[BlackElo "2146"]
[PlyCount "96"]
[EventDate "2016.??.??"]

1. e4 c5 2. Nf3 g6 3. c3 Bg7 4. d4 cxd4 5. cxd4 d5 6. e5 Bg4 7. h3 Bxf3 8. Qxf3
Nc6 9. Bb5 e6 10. Bxc6+ bxc6 11. Qc3 Qb6 12. Be3 Ne7 13. f3 Rb8 14. b3 Nf5 15.
Bf2 Qb4 16. g4 Ne7 17. O-O h5 18. Qxb4 Rxb4 19. Nc3 hxg4 20. hxg4 c5 21. Rad1
Nc6 22. f4 cxd4 23. Ne2 g5 24. Nxd4 Nxd4 25. Rxd4 Rxd4 26. Bxd4 Rh4 27. Kg2
Rxg4+ 28. Kh3 Rxf4 29. Rxf4 gxf4 30. Kg4 a6 31. Kxf4 Bh6+ 32. Kf3 Kd7 33. Ke2
Kc6 34. Kd3 Bf4 35. a4 Bc1 36. Kc2 Ba3 37. Kd3 Bb4 38. Bb2 Bc5 39. Bc3 d4 40.
Bxd4 Kd5 41. Bxc5 Kxc5 42. Ke4 Kb4 43. Kf4 Kxb3 44. Kg5 Kc4 45. Kf6 Kd5 46. a5
Ke4 47. Ke7 Kxe5 48. Kd7 f5 0-1

[Event "Tradewise Hastings Masters 15-16"]
[Site "Hastings, England"]
[Date "2016.01.01"]
[Round "5.39"]
[White "Dennis, Nigel W"]
[Black "Brooke, John"]
[Result "1-0"]
[WhiteElo "1820"]
[BlackElo "1770"]
[PlyCount "75"]
[EventDate "2016.??.??"]

1. e4 d6 2. d4 Nf6 3. Nc3 g6 4. Be2 Bg7 5. Be3 O-O 6. f4 c6 7. a4 a6 8. h3 b6
9. Nf3 Bb7 10. O-O b5 11. b4 c5 12. e5 Ne4 13. Nxe4 Bxe4 14. bxc5 dxc5 15. axb5
axb5 16. Rxa8 Bxa8 17. Bxb5 Qb6 18. Qd3 Bc6 19. Bxc6 Nxc6 20. dxc5 Qc7 21. Qa6
Rb8 22. c3 e6 23. Nd4 Rc8 24. Nxc6 Qxc6 25. Qxc6 Rxc6 26. Rb1 Bf8 27. Rb5 Kg7
28. Kf2 h5 29. Ke2 Be7 30. Kd3 Bh4 31. Rb6 Rc8 32. Kc4 Be1 33. Rb1 Bh4 34. Rd1
Be7 35. Kb5 Rb8+ 36. Kc6 Rd8 37. Rxd8 Bxd8 38. Kd7 1-0

[Event "Tradewise Hastings Masters 15-16"]
[Site "Hastings, England"]
[Date "2016.01.01"]
[Round "5.40"]
[White "Dean, Michael J"]
[Black "Heath, David"]
[Result "0-1"]
[WhiteElo "1562"]
[BlackElo "1631"]
[PlyCount "55"]
[EventDate "2016.??.??"]

1. e4 d5 2. exd5 Nf6 3. Nc3 Nxd5 4. Bc4 c6 5. Qf3 Nf6 6. Ne4 Nbd7 7. Nh3 Ne5 8.
Nxf6+ gxf6 9. Qb3 Nxc4 10. Qxc4 e5 11. Qe2 Bxh3 12. gxh3 Qd5 13. Rg1 O-O-O 14.
Qg4+ Kb8 15. d3 h5 16. Qe4 Qe6 17. Qg2 Bc5 18. Be3 Bd4 19. Bxd4 Rxd4 20. Kd2
Rhd8 21. Rge1 Qf5 22. f3 Rh4 23. Rf1 Rxh3 24. Rae1 Qf4+ 25. Kc3 Rxh2 26. Re2
Rxg2 27. Rxg2 a5 28. Rg7 0-1